| 000 | 00000nam##2200000za#4500 |
| 001 | 9.625747 |
| 003 | CaOODSP |
| 005 | 20200421163416 |
| 007 | ta |
| 008 | 150406|2001||||xxc||||| f|0| 0 fre|d |
| 020 | |a0-662-86132-9 |
| 040 | |aCaOODSP|bfre |
| 043 | |an-cn--- |
| 086 | 1 |aNH18-24/28JF |
| 110 | 2 |aSociété canadienne d'hypothèques et de logement. |
| 245 | 10|aAvant d'améliorer l'efficacité énergétique de votre maison - l'enveloppe du bâtiment |
| 260 | |aOttawa - Ontario : |bSociété canadienne d'hypothèques et de logement |c2001. |
| 300 | |a6p. : |bfigure ; |c28 cm. |
| 490 | 1 |aVotre maison |vCF28J |
| 563 | |aDépliant |
| 590 | |a01-30|b2001-07-27 |
| 691 | 07|aIsolation thermique|2gcpds |
| 691 | 07|aChauffage|2gcpds |
| 691 | 07|aRendement énergétique|2gcpds |
| 775 | 08|tBefore you start an energy efficient retrofit - the building envelope |w(CaOODSP)9.615722 |
| 776 | 0#|tAvant d'améliorer l'efficacité énergétique de votre maison : l'enveloppe du bâtiment |w(CaOODSP)9.602233 |
| 830 | #0|aVotre maison ;|vCF28J|w(CaOODSP)9.513181 |